00718nam a2200157 a 450000500170000000800410001702000180005805000170007610000280009324500320012126000460015350000560019952002770025565000130053265000150054520140414131937.0110124s19uu xx 00 eng d a9780316160193 aTRbM46 2006 aMeyer, Stephenie, 1973- aNew Moon/cStephenie Meyer. aNew York :bLittle, Brown and Co.,c2006. a*Strictly for G7 students and above level use only. aWhen the Cullens, including her beloved Edward, leave Forks rather than risk revealing that they are vampires, it is almost too much for eighteen-year-old Bella to bear, but she finds solace in her friend Jacob until he is drawn into a "cult" and changes in terrible ways. aVampires aWerewolves